000 00445nam a22001697a 4500
003 NUST - PNEC
005 20170116180924.0
008 150905b xxu||||| |||| 00| 0 eng d
040 _cLIBRARY
082 _a621.3 HUT
100 _97926
_a Hutchinson, Robert W
245 _aElementary technical electricity
_cRobert W Hutchinson
250 _a2nd ed.
260 _c1949
650 _95527
_aElectrical Engineering
_xEL, EE
942 _2ddc
_cBK
999 _c65708
_d65708